Przystanki linii autobusowej 11 w Toruniu - Statystyki

Ogólne statystyki
  • Ten quiz został rozwiązany 22 razy
  • Średni wynik to 17 z 24
Statystyki odpowiedzi
Odpowiedź % Poprawnych
Dworzec Główny
94%
Fałata
94%
Od Nowa
94%
Plac Rapackiego
94%
Szpital Bielany
94%
CZERNIEWICE
89%
Kraszewskiego
89%
KONIUCHY
83%
Stawki
83%
Świętego Józefa
83%
Żwirki i Wigury
83%
Plac Armii Krajowej
78%
Włocławska
78%
Kniaziewicza
72%
Plebiscytowa
72%
Strzałowa
72%
Lecha
67%
Stawki Południowe
56%
Ceramika
50%
Solankowa
50%
Zdrojowa
50%
Zimowa
44%
Matysiaków
39%
Gardzielewskiego
33%
Nie znaleziono quizów pasujących do podanych kryteriów
Rozkład punktacji
Procent ludzi z każdym wynikiem
Percentyl według liczby udzielonych odpowiedzi
Twoja historia wyników
Nie rozwiązałeś tego quizu